| 000 | 03550nam a22003377a 4500 | ||
|---|---|---|---|
| 001 | TIC 0029 | ||
| 003 | gtcocun | ||
| 005 | 20250922185437.0 | ||
| 006 | a||||gr|||| 00| 0 | ||
| 007 | ta | ||
| 008 | 250922b2023 gt ||||| m||| 00| 0 eng d | ||
| 040 |
_agtcocun _bSPA _cgtcocun _eRDA |
||
| 041 | _aSPA TIC 0029 | ||
| 084 | _0TIC 0029 | ||
| 100 |
_aChiquin Choc, Delmy Tatiana _eAutor |
||
| 245 |
_aINFORME FINAL DEL EJERCICIO PROFESIONAL SUPERVISADO, DISEÑO Y PLANIFICACIÓN DE CAMINo RI]RAL CASERÍo SANTA CRUZ, REGIÓN SEMESCHE Y SISTEMA DE AGUA POTABLE EN LA ALDEA SETAL CHIPUR, REGIÓN CHITOC, SAN PEDRO CARCHÁ, ALTA VERAPAZ./ _cDelmy Tatiana Chiquin Choc. _hImpreso |
||
| 264 |
_aCobán, Alta Verapaz: _bUniversidad de San Carlos de Guatemala, Centro Universitario del Norte, Ingeniería Civil _c2023 |
||
| 300 |
_a129 p.: _bIlustraciones, gráficas. _c28 cm; |
||
| 300 | _cPDF | ||
| 336 |
_2rdacontenido _aTexto _btxt |
||
| 337 |
_2rdamedio _aComputadora _bn |
||
| 338 |
_2rdasoporte _aCódigo en línea _bcr |
||
| 502 | _eTIC 0029 | ||
| 502 |
_aTesis de grado _bIngeniería Civil, _cUniversidad de San Carlos de Guatemala, Centro Universitario del Norte, Ingeniería Civil _d2023 _oTIC 0029 |
||
| 520 | 1 | 4 | _aEl ejercicio profesional supervisado, EPS se realizó en la Dirección Municipal de Planificación (DMP) de la Municipalidad de San Pedro Carchá, en un lapso de 4 meses dividido en: diagnóstico, plan de trabajo y ejecución de actividades, donde bajo la supervisión de la unidad de práctica y la unidad académica este proceso culmina en la entrega de resultados. Mediante la fase de diagnóstico se conocieron situaciones de carencias de servicios básicos e infraestructura, en base a esto se seleccionaron dos necesidades siendo la falta de un camino para el caserío Santa Cruz y la falta de un sistema de agua potable en la Aldea Setal Chipur. Consecuentemente, se trazó, con los fundamentos teóricos, una metodología y un cronograma las actividades para darle solución a las situaciones encontradas. Siendo, la propuesta de diseño de la Construcción del Camino Rural, caserío Santa Cruz, Región Semesche y la Construcción de un sistema de agua potable en la Aldea Setal Chipur, Región Chixoc. En función a las normas de diseño de camino a nivel nacional y las características de los suelos de la Región Semesche, en el caserío Santa Cruz de San Pedro Carchá se diseñó un tramo de apertura de carretera tipo F de longitud de dos mil ochocientos cuatro, punto cuarenta y dos metros lineales con un ancho de rodadura de cuatro metros de una sola vía con cunetas en ambos lados de sección triangular y una capa de rasante de balasto con un espesor de quince centímetros. Según las necesidades de la Aldea Setal Chipur, se diseñó un sistema de abastecimiento de agua de conducción por gravedad y bombeo, un tanque de bombeo y un tanque de distribución y locaciones que abastecerán el sistema de distribución que llegará a las 86 viviendas, con 516 consumidores a beneficiar, para cumplir con los estándares de salubridad según la norma COGUANOR NGO 29001 y las normas del INFOM/ENPAR. |
| 650 | 1 | 4 |
_2LEMB _aSan Pedro Carchá, Alta Verapaz. _xIngeniería _xSupervisión _xMetodología _xDiseño _xNormas _xDiagnóstico |
| 700 |
_aInga. Civil Sindry Yaneth Pacay Morales _eAsesor |
||
| 856 |
_uhttps://drive.google.com/file/d/1NqdHuxA0AtrS5xEXMTHnF53gY779wnsT/view _yPDF _zUn ejemplar en línea. |
||
| 942 |
_2ddc _cTES _iTIC 0029 _kClasificación _n0 _6TIC_0029_000000000000000 |
||
| 999 |
_c2060 _d2060 |
||